Normal view
MARC view
- الهندرة(ادارة)- ادارة الافراد
Entry Topical Term
001 - CONTROL NUMBER
- control field: 59672
003 - CONTROL NUMBER IDENTIFIER
- control field: JO-AjAnu
005 - DATE AND TIME OF LATEST TRANSACTION
- control field: 20230606083745.0
008 - FIXED-LENGTH DATA ELEMENTS
- fixed length control field: 230606|| aca||aabn | a|a d
040 ## - CATALOGING SOURCE
- Original cataloging agency: JO-AjAnu
- Transcribing agency: JO-AjAnu
150 ## - HEADING--TOPICAL TERM
- Topical term or geographic name entry element: الهندرة(ادارة)- ادارة الافراد
670 ## - SOURCE DATA FOUND
- Source citation: Work cat.: (JO-AjAnu)30432: اعداد: محمد طلال صالح الزعبي؛ اشراف: علي فلاح الزعبي, author 59671, دور اعادة هندسة العمليات الادارية (الهندرة) في تحسين الاداء المؤسسي في البنوك التجارية الاردنية=The Role of Administrative Re-Engineering in Enhancing Institutional Performance at Jordanian Commercial Banks